000 005600000a22001810004500
003 MACL
005 20160409121544.0
008 160409b xxu||||| |||| 00| 0 eng d
040 _aMACL
_cMACL
041 _aHindi
082 _a520
100 _aपुरी कंचन
_950801
245 _aमैं हूॅ रहस्‍यतय ब्रहम्‍ंड
260 _bविज्ञान पुस्‍तक संसार
_c2005
_aनई दिल्‍ली
350 _a250
650 _aAtronomy
_951261
942 _cHIN
_k520
_2ddc
999 _c12564
_d12564